MARC

LEADER 00000nab a2200000 a 4500
001 vtls000635187
003 SK-MaSNL
005 20260304084450.0
008 250425c1997 xo 0 slo
015 |a SNBRB19rr/mm-uuuuu 
035 |a CL0635326 
035 |a urn:nbn:sk:snk-ab7ejh 
035 |a (uuid)fa30c870-eafa-4322-ac19-64f77c878346 
035 |a (urnnbn)urn:nbn:sk:snk:ar-a07x5i 
035 |a (sysno)vtls000635187 
040 |a SNKBUCL  |b slo  |c SNKBUCL  |e AACR2 
041 0 |a slo 
044 |a xo  |c SK 
080 |a 82.0  |2 1981 
080 |a 82.09  |2 1981 
245 0 0 |a Diskusia  |c Andrej Červeňák ... [et al.] 
650 0 7 |a veda literárna slovenská  |2 snkbucl  |9 952129 
650 0 7 |a literárna kritika  |2 snkbucl  |9 1138 
655 7 |a články z novín a časopisov  |2 snkbucl  |9 267496 
700 1 |a Červeňák, Andrej,  |d 1932-2012  |4 aut  |9 153402 
700 1 |a Timura, Viktor,  |d 1938-  |4 aut  |9 113016 
700 1 |a Jurčo, Milan  |4 aut  |9 296407 
700 1 |a Števček, Pavol,  |d 1932-2003  |4 aut  |9 103687 
700 1 |a Chuda, Michal,  |d 1947-  |4 aut  |9 109482 
700 1 |a Štraus, František,  |d 1933-2008  |4 aut  |9 105627 
773 0 |t Literika  |g Roč. 2, č. 3 (1997), s. 71-75  |x 1335-180X 
850 |a Slovenská národná knižnica 
852 |a Slovenská národná knižnica 
954 |a odborná, vedecká literatúra pôvodná (slovenská)  |2 lita 
958 |a article27 
958 |a LX 
958 |a SK 
958 |a RK 
958 |a OND 
958 |a EUIPO 
999 |c 2803552  |d 2805482